| АИС "Историко-культурное наследие Беларуси" | ||
| Базовый | Расширенный | Профессиональный | Словарь персоналий | Тематический словарь | По видам объектов | История запросов Заказы | Регистрация | |
Запись в MARC-формате
| копировать MARC-запись |
=LDR 00000nx\\c2200193\\\45\\
=001 BY-NLB-ar7226705
=005 20160330095641.2
=100 \\$a20140312arusy50\\\\\\ca0
=152 \\$apsbo
=160 \\$ae-bw
=215 \\$aКостел Внебовзятия Наисвятейшей Девы Марии (Деречин, агрогородок; Зельвенский район)
=300 1\$aПамятник архитектуры неоготики. Построен в 1913 г. Архитектор А. Савич. Закрыт в 1951 г. Отреставрирован и открыт в 1994 г.
=356 \\$aНаходится в северо-восточной части агрогородка Деречин Зельвенского района Гродненской области.
=415 \\$aКостел Вознесения Наисвятейшей Девы Марии (Деречин, агрогородок; Зельвенский район)
=515 \\$5w$3BY-NLB-ar7226671$aКасцёл Унебаўзяцця Найсвяцейшай Дзевы Марыі (Дзярэчын, аграгарадок; Зэльвенскі раён)
=801 \0$aBY$bBY-HM0000$c20140312
=810 \\$aКаталіцкія храмы Беларусі / А. М. Кулагін. — Мінск, 2008.
=810 \\$aКаталіцкія храмы на Беларусі : энцыклапедычны даведнік / А. М. Кулагін. — Мінск, 2000.
=999 \\$f2786 NLB-NDARD$t20140312
Чтобы вернуться назад, щелкните кнопку BACK на Вашем браузере